Trouver le courant de l'artiste - Statistiques

Statistiques générales
  • Ce quiz a été pris 51 fois
  • Le résultat moyen est 6 sur 15
Statistiques - réponses
Hint Réponse % Correct
Renoir Impressionisme
78%
Courbet Realisme
78%
Michel Ange Rennaissance
53%
Turner Romantisme
53%
Delacroix Romantisme
53%
Rembrandt Baroque
50%
Matisse Fauvisme
47%
Warhol Pop Art
47%
David Neo Classicisme
34%
Mucha Art Nouveau
25%
Pineau Rococo
25%
Pollock Expressionisme abstrait
6%
Merz Arte Povera
0%
Serra Minimalisme
0%
Seurat Pointillisme, post impressionisme
0%
Aucun quiz correspondant
Distribution des résultats
% des personnes avec chaque résultat
Percentile par nombre de réponses
Votre historique - résultats
Vous n’avez pas pris ce quiz